Повышение энерго- и ресурсоэффективности горных машин средствами регулируемого электропривода: автореферат диссертации на соискание ученой степени доктора технических наук; спец. 05.09.03

מידע ביבליוגרפי
מחבר ראשי: Семыкина И. Ю. Ирина Юрьевна
מחבר תאגידי: Кузбасский государственный технический университет (КузГТУ)
מחברים אחרים: Завьялов В. М. Валерий Михайлович (научный консультант)
סיכום:Защита сост. 24.09.2014 г.
שפה:רוסית
יצא לאור: Томск, 2014
נושאים:
פורמט: MixedMaterials ספר
KOHA link:https://koha.lib.tpu.ru/cgi-bin/koha/opac-detail.pl?biblionumber=275815

MARC

LEADER 00000nam0a2200000 4500
001 275815
005 20231213161637.0
035 |a (RuTPU)RU\TPU\book\299067 
090 |a 275815 
100 |a 20141117d2013 k y0rusy50 ca 
101 0 |a rus 
102 |a RU 
105 |a a dm 001zy 
200 1 |a Повышение энерго- и ресурсоэффективности горных машин средствами регулируемого электропривода  |e автореферат диссертации на соискание ученой степени доктора технических наук  |e спец. 05.09.03  |f И. Ю. Семыкина  |g Кузбасский государственный технический университет (КузГТУ) ; науч. конс. В. М. Завьялов 
210 |a Томск  |d 2014 
215 |a 40 с.  |c ил. 
300 |a Защита сост. 24.09.2014 г. 
320 |a Библиогр.: с. 35-40 (50 назв.). 
452 1 |0 (RuTPU)RU\TPU\book\289952  |t Повышение энерго- и ресурсоэффективности горных машин средствами регулируемого электропривода  |o автореферат диссертации на соискание ученой степени доктора технических наук  |o спец. 05.09.03  |f И. Ю. Семыкина  |g Кузбасский государственный технический университет (КузГТУ) ; науч. конс. В. М. Завьялов  |c Томск  |d 2014  |a Семыкина, Ирина Юрьевна 
606 1 |a Горные машины  |x Электроприводы регулируемые  |2 stltpush  |3 (RuTPU)RU\TPU\subj\7901  |9 35420 
610 1 |a ресурсосбережение 
610 1 |a энергосбережение 
610 1 |a электродвигатели 
610 1 |a градиентное управление 
610 1 |a многодвигательные электрические приводы 
610 1 |a энергия 
610 1 |a потери 
610 1 |a минимизация 
610 1 |a регуляторы 
610 1 |a авторефераты диссертаций 
675 |a 622.002.5-83-52(04)  |v 3 
686 |a 05.09.03  |2 oksvnk 
700 1 |a Семыкина  |b И. Ю.  |c специалист в области электротехники  |c доцент Томского политехнического университета, кандидат технических наук  |g Ирина Юрьевна  |3 (RuTPU)RU\TPU\pers\32499 
702 1 |a Завьялов  |b В. М.  |c специалист в области электротехники  |c профессор Томского политехнического университета, доктор технических наук  |f 1974-  |g Валерий Михайлович  |3 (RuTPU)RU\TPU\pers\35317  |4 695  |9 18577 
712 0 2 |a Кузбасский государственный технический университет (КузГТУ)  |c (Кемерово)  |3 (RuTPU)RU\TPU\col\89 
801 1 |a RU  |b 63413507  |c 20141117 
801 2 |a RU  |b 63413507  |c 20160219  |g RCR 
942 |c BK